[Event "Girls U20 Polish Youth Championship"]
[Site "Ustron"]
[Date "2019.11.27"]
[Round "6"]
[White "Siekanska, Zuzanna"]
[Black "Pawicka, Magdalena"]
[Result "0-1"]
[Board "9"]
[WhiteElo "1723"]
[WhiteCountry "POL"]
[WhiteFideId "21852537"]
[WhiteEloChange "-9"]
[BlackElo "1745"]
[BlackCountry "POL"]
[BlackFideId "21836507"]
[BlackEloChange "9"]

1. d4 {[%clk 1:30:58]} d5 {[%clk 1:30:52]} 2. c4 {[%clk 1:31:21]} dxc4 {[%clk
1:31:16]} 3. e3 {[%clk 1:31:41]} Nf6 {[%clk 1:31:21]} 4. Bxc4 {[%clk 1:32:03]} e6
{[%clk 1:31:44]} 5. Nf3 {[%clk 1:31:42]} a6 {[%clk 1:32:07]} 6. a4 {[%clk
1:31:33]} c5 {[%clk 1:32:12]} 7. O-O {[%clk 1:31:44]} Nc6 {[%clk 1:31:13]} 8. Qe2
{[%clk 1:30:47]} Be7 {[%clk 1:26:30]} 9. Rd1 {[%clk 1:30:56]} Qc7 {[%clk
1:26:06]} 10. Nc3 {[%clk 1:28:33]} O-O {[%clk 1:22:52]} 11. d5 {[%clk 1:23:55]}
exd5 {[%clk 1:19:04]} 12. Bxd5 {[%clk 1:23:10]} Bg4 {[%clk 1:17:33]} 13. h3
{[%clk 1:17:53]} Bh5 {[%clk 1:17:24]} 14. Qc4 {[%clk 1:09:30]} Rad8 {[%clk
0:58:52]} 15. Rd2 {[%clk 1:03:54]} Nb4 {[%clk 0:54:04]} 16. Ne1 {[%clk 0:54:06]}
Nbxd5 {[%clk 0:51:21]} 17. Nxd5 {[%clk 0:54:09]} Nxd5 {[%clk 0:50:47]} 18. Rxd5
{[%clk 0:53:44]} Be2 {[%clk 0:48:11]} 19. Rxc5 {[%clk 0:43:39]} Qxc5 {[%clk
0:46:37]} 20. Qxe2 {[%clk 0:43:58]} Qd5 {[%clk 0:46:06]} 21. b3 {[%clk 0:39:41]}
Qd1 {[%clk 0:45:29]} 22. Qxd1 {[%clk 0:39:36]} Rxd1 {[%clk 0:45:56]} 23. Bb2
{[%clk 0:39:44]} Rfd8 {[%clk 0:46:08]} 24. Kf1 {[%clk 0:30:39]} Bb4 {[%clk
0:46:27]} 25. Ke2 {[%clk 0:29:54]} R1d2+ {[%clk 0:46:48]} 26. Kf3 {[%clk
0:27:29]} Rxb2 {[%clk 0:47:13]} 27. g4 {[%clk 0:24:42]} Bxe1 {[%clk 0:47:37]} 28.
Rxe1 {[%clk 0:25:06]} Rxb3 {[%clk 0:48:04]} 0-1